书目信息 |
| 题名: |
室内装饰色彩分析与应用
|
|
| 作者: | 李湘媛 , 杨玮娣 , 田培 编著 | |
| 分册: | ||
| 出版信息: | 北京 中国水利水电出版社 2008.01 |
|
| 页数: | 192页 | |
| 开本: | 21cm | |
| 丛书名: | 设计专业实践指导丛书 | |
| 单 册: | ||
| 中图分类: | TU238 | |
| 科图分类: | ||
| 主题词: | 室内装饰--shi nei zhuang shi--色彩学 , 建筑设计 | |
| 电子资源: | ||
| ISBN: | 978-7-5084-5034-6 | |
| 000 | 01184nam 2200301 450 | |
| 001 | 012008064221 | |
| 005 | 20091224090712.26 | |
| 010 | @a978-7-5084-5034-6@dCNY55.00 | |
| 100 | @a20080419d2008 em y0chiy0120 ea | |
| 101 | 0 | @achi |
| 102 | @aCN@b110000 | |
| 105 | @aac a 000yy | |
| 106 | @ar | |
| 200 | 1 | @a室内装饰色彩分析与应用@Ashi nei zhuang shi se cai fen xi yu ying yong@f李湘媛, 杨玮娣, 田培编著@Fli xiang yuan,yang wei di,tian pei bian zhu |
| 210 | @a北京@c中国水利水电出版社@d2008.01 | |
| 215 | @a192页@c图, 肖像@d21cm | |
| 225 | 2 | @a设计专业实践指导丛书@Ashe ji zhuan ye shi jian zhi dao cong shu |
| 320 | @a有书目 (第192页) | |
| 330 | @a本书内容主要包括设计基础和设计分析,讲述了设计色彩的基础知识和实际的色彩设计训练。全书主要分为两大部分:设计因素和设计分析。第一部分是色彩的基本理论,包括色彩学基础理论、设计色彩的原理等。 | |
| 410 | 0 | @12001 @a设计专业实践指导丛书 |
| 606 | 0 | @a室内装饰@Ashi nei zhuang shi@x色彩学 |
| 606 | 0 | @a建筑设计 |
| 690 | @aTU238@v4 | |
| 701 | 0 | @a李湘媛@Ali xiang yuan@4编著 |
| 701 | 0 | @a杨玮娣@Ayang wei di@4编著 |
| 701 | 0 | @a田培@Atian pei@4编著 |
| 801 | 0 | @aCN@bQSSK@c20091224 |
| 905 | @b292959-61@dTU238@eL2901@f3 | |
| 室内装饰色彩分析与应用/李湘媛, 杨玮娣, 田培编著.-北京:中国水利水电出版社,2008.01 |
| 192页:图, 肖像;21cm.-(设计专业实践指导丛书) |
| ISBN 978-7-5084-5034-6:CNY55.00 |
| 本书内容主要包括设计基础和设计分析,讲述了设计色彩的基础知识和实际的色彩设计训练。全书主要分为两大部分:设计因素和设计分析。第一部分是色彩的基本理论,包括色彩学基础理论、设计色彩的原理等。 |
| ● |
| 相关链接 |
|
|
|
正题名:室内装饰色彩分析与应用
索取号:TU238/L2901
 
预约/预借
| 序号 | 登录号 | 条形码 | 馆藏地/架位号 | 状态 | 备注 |
| 1 | 292959 | 202929590 | 建筑库101/101建筑库 49排3列1层/ [索取号:TU238/L2901] | 在馆 | |
| 2 | 292960 | 202929607 | 建筑库101/101建筑库 49排3列1层/ [索取号:TU238/L2901] | 在馆 | |
| 3 | 292961 | 202929616 | 建筑与城市规划学院资料室/101建筑库 22排4列1层/ [索取号:TU238/L2901] | 在馆 |